[Event "Murcia m"]
[Site "Murcia"]
[Date "1990.??.??"]
[Round "4"]
[White "Kasparov, Gary"]
[Black "Psakhis, Lev"]
[Result "1-0"]
[WhiteElo "2800"]
[BlackElo "2575"]

1.d4 Nf6 2.Nf3 e6 3.g3 b5 4.Bg2 Bb7 5.Bg5 Be7 6.O-O Na6 7.Nbd2 c5 8.c3 cxd4
9.cxd4 h6 10.Bxf6 Bxf6 11.a4 b4 12.Nb3 O-O 13.Qd3 d5 14.Rfc1 Qb6 15.Qb5 Rac8
16.e3 Nb8 17.Bf1 Rfd8 18.h4 g6 19.Nc5 Bc6 20.Qd3 Ba8 21.a5 Qd6 22.Qb5 Kg7
23.Qxb4 Nc6 24.Qd2 e5 25.b4 Re8 26.Ra3 exd4 27.Nxd4 Ne5 28.Rac3 Rcd8 29.Bg2 Kg8
30.Rd1 Nc4 31.Qc2 Qe7 32.h5 gxh5 33.Nf5 Qe5 34.Nxh6+ Kg7 35.Nf5+ Kh8 36.Rd4 Nd6
37.Nxd6 Qxd6 38.Rf4 Bxc3 39.Qxc3+ Kg8 40.Bf3 Re5 41.Qd4 Qe7 42.Rh4 Qf6 43.Rxh5  1-0

[Event "Murcia m"]
[Site "Murcia"]
[Date "1990.??.??"]
[Round "5"]
[White "Psakhis, Lev"]
[Black "Kasparov, Gary"]
[Result "0-1"]
[WhiteElo "2575"]
[BlackElo "2800"]

1.c4 g6 2.Nc3 Bg7 3.g3 Nc6 4.Bg2 d6 5.Nf3 e5 6.d3 f5 7.O-O Nf6 8.Rb1 h6 9.b4 O-O
10.b5 Ne7 11.a4 Be6 12.Ba3 Rc8 13.Nd2 b6 14.e3 g5 15.d4 exd4 16.exd4 f4 17.Re1 Bg4
18.Nf3 Qd7 19.c5 Rce8 20.Rc1 Nf5 21.Qd3 Kh8 22.cxd6 cxd6 23.Rxe8 Qxe8 24.Rf1 Qh5
25.Ne4 Nxe4 26.Qxe4 Bh3 27.Ne5 Bxg2 28.Kxg2 g4 29.Bxd6 Rf6 30.Bb8 Qh3+  0-1

[Event "Murcia m"]
[Site "Murcia"]
[Date "1990.??.??"]
[Round "6"]
[White "Kasparov, Gary"]
[Black "Psakhis, Lev"]
[Result "1-0"]
[WhiteElo "2800"]
[BlackElo "2575"]

1.d4 Nf6 2.c4 e6 3.Nc3 Bb4 4.e3 c5 5.Ne2 d5 6.a3 Bxc3+ 7.Nxc3 cxd4 8.exd4 dxc4
9.Bxc4 Nc6 10.Be3 O-O 11.O-O b6 12.Qf3 Bb7 13.Bd3 Rc8 14.Rad1 Rc7 15.Qh3 Ne7
16.Bg5 Ng6 17.Qg3 Rd7 18.d5 exd5 19.Bf5 Re7 20.h4 Qc7 21.Qxc7 Rxc7 22.Rfe1 Re7
23.Nb5 Rfe8 24.Rxe7 Nxe7 25.Bh3 Bc8 26.Bxc8 Rxc8 27.Nxa7 Rc2 28.b4 Kf8 29.Be3 Nf5
30.Bxb6 Ng4 31.Bc5+ Ke8 32.Nb5 Ra2 33.Nc3 Rxa3 34.Nxd5 f6 35.b5 Rb3 36.b6  1-0

[Event "Paris Immopar"]
[Site "Paris"]
[Date "1990.??.??"]
[Round "?"]
[White "Kasparov, Gary"]
[Black "Kortschnoj, Viktor"]
[Result "1/2-1/2"]
[WhiteElo "2800"]
[BlackElo "2625"]

1.c4 Nf6 2.Nc3 e5 3.Nf3 Nc6 4.g3 d5 5.cxd5 Nxd5 6.Bg2 Be6 7.O-O Be7 8.d4 Nxc3
9.bxc3 e4 10.Nd2 f5 11.e3 O-O 12.c4 Nb4 13.Rb1 b6 14.Bb2 a5 15.Ba1 Nxa2 16.f3 exf3
17.Qxf3 Bb4 18.Rf2 Qe7 19.Qd1 Nc3 20.Bxc3 Bxc3 21.Bxa8 Rxa8 22.Nf3 Bb4 23.Qd3 Re8
24.Ne5 Bd6 25.Rb5 Bc8 26.Qb3 Qe6 27.Qa4 Bb7 28.Qa2 Ba6 29.Rd5 Bb7 30.Rb5 Ba6
31.Rd5 Bb7  1/2-1/2

[Event "Paris Immopar"]
[Site "Paris"]
[Date "1990.??.??"]
[Round "?"]
[White "Kasparov, Gary"]
[Black "Short, Nigel D"]
[Result "1-0"]
[WhiteElo "2800"]
[BlackElo "2635"]

1.c4 f5 2.Nf3 Nf6 3.g3 e6 4.Bg2 Be7 5.O-O O-O 6.Nc3 d5 7.cxd5 exd5 8.e3 Kh8
9.b3 Nc6 10.Bb2 Be6 11.Ne2 Bg8 12.d3 Qd7 13.a3 Bd6 14.Qc2 Rae8 15.b4 Ng4
16.Ned4 Nce5 17.Rac1 c6 18.Bc3 Nxf3+ 19.Nxf3 Re7 20.Qb2 Qe8 21.Bd4 a6 22.Bc5 Rf6
23.Bxd6 Rxd6 24.Qd4 Bf7 25.a4 Bh5 26.Rb1 Nh6 27.b5 axb5 28.axb5 Bxf3 29.Bxf3 Nf7
30.Bh5 Rh6 31.Bxf7 Rxf7 32.bxc6 bxc6 33.Rb6 Rf8 34.Qc5 g5 35.Rc1 f4 36.exf4 gxf4
37.Rxc6 Rxc6 38.Qxc6 Qxc6 39.Rxc6 Ra8 40.Rf6 fxg3 41.hxg3 Ra3 42.Rf3 Kg7
43.Kg2 d4 44.Kh3 h5 45.Kh4 Kg6 46.g4 hxg4 47.Kxg4 Ra2 48.Kf4 Re2 49.Rg3+ Kf6
50.Rg2 Ke6 51.Kf3 Re1 52.Rg4 Kd5 53.Rg5+ Kd6 54.Ra5 Ke6 55.Ra2 Kd5 56.Kf4 Kd6
57.Kf5 Kc5 58.f4 Kb4 59.Rc2  1-0

[Event "Paris Immopar"]
[Site "Paris"]
[Date "1990.??.??"]
[Round "?"]
[White "Kortschnoj, Viktor"]
[Black "Kasparov, Gary"]
[Result "1/2-1/2"]
[WhiteElo "2625"]
[BlackElo "2800"]

1.Nf3 Nf6 2.c4 g6 3.b3 Bg7 4.Bb2 c5 5.g3 d6 6.d4 Ne4 7.Qc1 Qa5+ 8.Nbd2 Nxd2
9.Qxd2 Qxd2+ 10.Kxd2 Nc6 11.e3 Bg4 12.Be2 Rb8 13.Kc1 cxd4 14.Nxd4 h5 15.f3 Bd7
16.Nxc6 Bxb2+ 17.Kxb2 bxc6 18.Kc3 c5 19.h4 a5 20.a3 Bc6 21.Rhb1 Kd7 22.b4 axb4+
23.axb4 cxb4+ 24.Rxb4 Rxb4 25.Kxb4 Rb8+ 26.Kc3  1/2-1/2

[Event "Paris Immopar"]
[Site "Paris"]
[Date "1990.??.??"]
[Round "?"]
[White "Short, Nigel D"]
[Black "Kasparov, Gary"]
[Result "1-0"]
[WhiteElo "2635"]
[BlackElo "2800"]

1.e4 c5 2.f4 d5 3.exd5 Nf6 4.Bb5+ Bd7 5.Bxd7+ Qxd7 6.c4 e6 7.Qe2 Bd6 8.d3 O-O
9.dxe6 fxe6 10.Nf3 Nc6 11.O-O Rae8 12.Nc3 e5 13.f5 Qxf5 14.Bg5 e4 15.dxe4 Nxe4
16.Rae1 Nf6 17.Qd1 Rxe1 18.Rxe1 Nd4 19.Bxf6 Nxf3+ 20.Qxf3 Qxf3 21.gxf3 Rxf6
22.Re8+ Rf8 23.Re6 Rd8 24.Kg2 Kf7 25.Re4 g6 26.b3 Bf8 27.Nd5 b5 28.Rf4+ Kg7
29.Kh3 bxc4 30.bxc4 Rb8 31.Rf6 Rb7 32.Ra6 Kf7 33.f4 Bg7 34.Kg4 Bd4 35.h4 Kg7
36.h5 Rb2 37.Rxa7+ Kh6 38.hxg6 hxg6 39.Ne7 Kg7 40.Nf5+ Kf6 41.Ra6+ Kf7 42.Nd6+ Ke7
43.a4 Ra2 44.Kf3 Ke6 45.Ne4+ Ke7 46.a5 Ra4 47.Rxg6 Rxa5 48.Nd6 Bf6 49.Ke4 Ra6
50.Nb5 Kf7 51.Kf5 Rc6 52.Nc3  1-0

[Event "Euwe mem"]
[Site "Amsterdam"]
[Date "1991.??.??"]
[Round "2"]
[White "Kasparov, Gary"]
[Black "Gurevich, Mikhail"]
[Result "1/2-1/2"]
[WhiteElo "2800"]
[BlackElo "2650"]

1.c4 f5 2.d4 Nf6 3.g3 d6 4.Bg2 g6 5.Nc3 Bg7 6.d5 O-O 7.Nh3 c6 8.Nf4 e5 9.dxe6 Qe7
10.O-O Bxe6 11.Nxe6 Qxe6 12.Bf4 Qxc4 13.Qxd6 Na6 14.Rfd1 Nh5 15.Bg5 Bf6 16.Bxf6 Nxf6
17.Rac1 Qb4 18.Qxb4 Nxb4 19.a3 Na6 20.e4 fxe4 21.Nxe4 Nxe4 22.Bxe4 Rad8 23.h4 Nc7
24.Bb1 Kg7 25.Ba2 Kf6 26.Kg2 Nb5 27.g4 h5 28.g5+ Kg7 29.Rxd8 Rxd8 30.Re1 Rd7
31.Re8 Nd6 32.Rg8+ Kh7 33.Rb8 Kg7 34.Rg8+ Kh7 35.Rb8 Kg7 36.Bb1 Nc4 37.Re8 Nxb2
38.Re6  1/2-1/2

[Event "Euwe mem"]
[Site "Amsterdam"]
[Date "1991.??.??"]
[Round "3"]
[White "Short, Nigel D"]
[Black "Kasparov, Gary"]
[Result "1/2-1/2"]
[WhiteElo "2635"]
[BlackElo "2800"]

1.e4 c5 2.Nf3 d6 3.d4 cxd4 4.Nxd4 Nf6 5.Nc3 a6 6.f4 Qc7 7.Be2 e6 8.Bf3 Nc6
9.Be3 Be7 10.O-O O-O 11.Kh1 Bd7 12.g4 Nxd4 13.Bxd4 Bc6 14.g5 Nd7 15.Bg2 b5
16.a3 a5 17.Qe2 Rab8 18.b4 Rfe8 19.Rad1 Bf8 20.Rd3 e5 21.Be3 exf4 22.Bxf4 Ne5
23.Rh3 Bd7 24.Nd5 Qc4 25.Qxc4 Nxc4 26.Rd3 a4 27.h4 Rbc8 28.h5 Bg4 29.Bf3 Bxf3+
30.Rdxf3 Rxe4 31.Nc3 d5 32.Nxb5 d4 33.Rd1 Ne5 34.Rff1 Rxc2 35.Nxd4 Rc4 36.Bxe5 Rxe5
37.Nf3 Re8  1/2-1/2

[Event "Euwe mem"]
[Site "Amsterdam"]
[Date "1991.??.??"]
[Round "6"]
[White "Kasparov, Gary"]
[Black "Karpov, Anatoly"]
[Result "1/2-1/2"]
[WhiteElo "2800"]
[BlackElo "2725"]

1.e4 e5 2.Nf3 Nc6 3.Bb5 a6 4.Ba4 Nf6 5.O-O Be7 6.Re1 b5 7.Bb3 d6 8.c3 O-O
9.h3 Bb7 10.d4 Re8 11.Nbd2 Bf8 12.a4 h6 13.Bc2 exd4 14.cxd4 Nb4 15.Bb1 c5
16.d5 Nd7 17.Ra3 f5 18.Rae3 Nf6 19.Nh2 Qd7 20.exf5 Rxe3 21.fxe3 Bxd5 22.Ng4 Be7
23.e4 Bf7 24.Nf3 Rd8 25.Qe2 Bc4 26.Qe3 Nxg4 27.hxg4 Bf6 28.Bd2 Re8 29.b3 Bf7
30.Qf2 Qe7 31.axb5 axb5 32.Qf1 Rb8 33.Bd3 Nxd3 34.Qxd3 c4 35.bxc4 bxc4 36.Qa3 Rb3
37.Qa8+ Qe8 38.Qxe8+ Bxe8 39.g5 hxg5 40.Bxg5 Bb2 41.Rd1 Ba3 42.e5 c3 43.exd6 c2
44.Rd5 Rb1+ 45.Kf2 Rd1 46.Ra5 c1=Q 47.Bxc1 Bxc1 48.Ra6 Rd5 49.f6 g6 50.g4 g5
51.Ra7 Bf4 52.f7+ Bxf7 53.d7 Kf8 54.Ng1 Rd2+ 55.Ke1 Rd5 56.Nh3 Bd2+ 57.Ke2 Kg7
58.Ra2 Bc1 59.Rc2 Ba3 60.Nxg5 Bg8 61.Rc7 Kg6  1/2-1/2

[Event "Euwe mem"]
[Site "Amsterdam"]
[Date "1991.??.??"]
[Round "7"]
[White "Kortschnoj, Viktor"]
[Black "Kasparov, Gary"]
[Result "0-1"]
[WhiteElo "2615"]
[BlackElo "2800"]

1.Nf3 Nf6 2.c4 g6 3.Nc3 Bg7 4.e4 d6 5.d4 O-O 6.Be2 e5 7.O-O Nc6 8.d5 Ne7
9.Ne1 Nd7 10.Be3 f5 11.f3 f4 12.Bf2 g5 13.a4 Ng6 14.Nd3 Nf6 15.c5 h5 16.h3 Rf7
17.c6 a5 18.cxb7 Bxb7 19.b4 Bc8 20.bxa5 Bh6 21.Nb4 g4 22.Nc6 Qf8 23.fxg4 hxg4
24.hxg4 Bg5 25.Bf3 Qh6 26.Re1 Nh4 27.Bxh4 Bxh4 28.g5 Qxg5 29.Re2 Ng4 30.Rb1 Bg3
31.Qd3 Qh4  0-1

[Event "Euwe mem"]
[Site "Amsterdam"]
[Date "1991.??.??"]
[Round "8"]
[White "Kasparov, Gary"]
[Black "Timman, Jan H"]
[Result "1/2-1/2"]
[WhiteElo "2800"]
[BlackElo "2630"]

1.Nf3 Nf6 2.c4 b6 3.Nc3 Bb7 4.d4 e6 5.a3 d5 6.cxd5 Nxd5 7.e3 g6 8.Bb5+ c6
9.Ba4 Bg7 10.e4 Nxc3 11.bxc3 Ba6 12.h4 Qc7 13.e5 Nd7 14.Bf4 h6 15.Qc1 O-O-O
16.Qe3 c5 17.Nd2 Kb8 18.Bd1 g5 19.Bg3 gxh4 20.Rxh4 Nf8 21.a4 Ng6 22.a5 Nxh4
23.Bxh4 cxd4 24.cxd4 Rd5 25.axb6 Qxb6 26.Be7 Bf8 27.Bxf8 Rxf8 28.Qa3 Rfd8
29.Qxa6  1/2-1/2

[Event "Galicia simul"]
[Site "Galicia"]
[Date "1991.??.??"]
[Round "?"]
[White "Kasparov, Gary"]
[Black "Iglesias, Alejandro"]
[Result "1-0"]
[WhiteElo "2800"]
[BlackElo "2275"]

1.c4 e5 2.g3 Nc6 3.Bg2 g6 4.Nc3 Bg7 5.e3 d6 6.Nge2 f5 7.d3 Nf6 8.Rb1 O-O
9.b4 Qe8 10.b5 Ne7 11.a4 g5 12.f4 gxf4 13.exf4 c6 14.O-O Kh8 15.Qd2 Ng6 16.Bb2 exf4
17.Nxf4 Bd7 18.Nce2 Ne5 19.Rbe1 Rd8 20.Kh1 Qf7 21.c5 cxb5 22.cxd6 Ne8 23.Ng1 Ng6
24.Nh5 Bxb2 25.Qxb2+ Kg8 26.Nf3 Bc6 27.axb5 Bxf3 28.Bxf3 Rxd6 29.Qa3 Qd7
30.Qxa7 Qxb5 31.Bxb7 Qxd3 32.Bg2 Rd7 33.Qa2+ Kh8 34.Bc6 Re7 35.Qa1+ Kg8 36.Rxe7 Nxe7
37.Bxe8 Qe4+ 38.Kg1 Qe3+ 39.Rf2 Qg5 40.h4 Qh6 41.Qe5 Rxe8 42.Nf6+ Kf7 43.Nxe8  1-0

[Event "Galicia simul"]
[Site "Galicia"]
[Date "1991.??.??"]
[Round "?"]
[White "Kasparov, Gary"]
[Black "Carreras, Francisco"]
[Result "1/2-1/2"]
[WhiteElo "2800"]
[BlackElo "2270"]

1.d4 e6 2.g3 c5 3.Nf3 Nf6 4.Bg2 Nc6 5.O-O Qc7 6.c4 cxd4 7.Nxd4 a6 8.Nc3 d6
9.b3 Be7 10.Bb2 O-O 11.Rc1 Nxd4 12.Qxd4 Rd8 13.e4 b6 14.Nd1 Bb7 15.Ne3 Bf8
16.Qd3 Nd7 17.b4 Rac8 18.a3 Qb8 19.f4 Bc6 20.f5 b5 21.fxe6 fxe6 22.Bh3 Re8
23.Qb3 Bxe4 24.cxb5 Rxc1 25.Bxe6+ Kh8 26.Rxc1 Qxb5 27.Bf7 Re7 28.Rf1 Qd3
29.Bc4 Qxb3 30.Bxb3 Bd3 31.Nd5 Bxf1 32.Nxe7 Bxe7 33.Kxf1 Bd8 34.Bc4 Bb6 35.Ke2 h6
36.a4 Bg1 37.a5 Ne5 38.Bxe5 dxe5 39.Bxa6 Kg8 40.Bb7 Kf7 41.Be4 Ke6 42.h3 Kd7
43.g4 Bh2 44.Kd3 Bg3 45.Kc4 Be1 46.Kb5 Kc7 47.Ka4 Kd6 48.Kb5 Kc7  1/2-1/2

[Event "Galicia simul"]
[Site "Galicia"]
[Date "1991.??.??"]
[Round "?"]
[White "Kasparov, Gary"]
[Black "Larrosa, Jose"]
[Result "1/2-1/2"]
[WhiteElo "2800"]
[BlackElo "2260"]

1.d4 Nf6 2.Nf3 e6 3.g3 c5 4.Bg2 d5 5.O-O Nc6 6.c4 Be7 7.cxd5 exd5 8.dxc5 Bxc5
9.Qc2 Bb6 10.Nc3 h6 11.Rd1 O-O 12.Na4 Bg4 13.Nxb6 axb6 14.Be3 Re8 15.Qb3 Ra6
16.a3 Bf5 17.Nd4 Bg6 18.Bf1 Na5 19.Qb4 Nc4 20.Bc1 Ne4 21.b3 Ne5 22.f3 Nc5
23.Qc3 Ra8 24.Bb2 Rc8 25.Rac1 Qd7 26.Qd2 Qe7 27.Rc3 Nc6 28.Rdc1 Rcd8 29.Ba1 Nxd4
30.Qxd4 Ne6 31.Qxb6 d4 32.Rc4 Qxa3 33.Qb4 Qa7 34.Qa4 Qb6 35.Qb4  1/2-1/2

[Event "Galicia simul"]
[Site "Galicia"]
[Date "1991.??.??"]
[Round "?"]
[White "Kasparov, Gary"]
[Black "Permuy, Carlos"]
[Result "1/2-1/2"]
[WhiteElo "2800"]
[BlackElo "2260"]

1.d4 f5 2.g3 Nf6 3.Bg2 g6 4.Nh3 Bg7 5.Nf4 d6 6.d5 c6 7.c4 Bd7 8.Nc3 Na6 9.h4 Rg8
10.h5 g5 11.Nd3 h6 12.e4 Qc7 13.Bd2 e5 14.b4 cxd5 15.cxd5 f4 16.Rc1 Rc8 17.Bf1 Qb6
18.gxf4 exf4 19.f3 Ke7 20.a3 Rge8 21.Qe2 Kf8 22.Qf2 Qxf2+ 23.Kxf2 Rc7 24.Bh3 Rec8
25.Bxd7 Rxd7 26.Nb5 Rxc1 27.Rxc1 Nxh5 28.Bc3 Nf6 29.Bd4 b6 30.a4 Ke7 31.Rc6 Nb8
32.Rc8 Rb7 33.e5 dxe5 34.Nxe5 Nxd5 35.Rxb8 Rxb8 36.Nc6+ Kf7 37.Nxb8 Bxd4+
38.Nxd4 Nxb4 39.Nbc6 Nd3+ 40.Ke2 Nc5  1/2-1/2

[Event "Linares"]
[Site "Linares"]
[Date "1991.??.??"]
[Round "6"]
[White "Salov, Valery"]
[Black "Kasparov, Gary"]
[Result "1/2-1/2"]
[WhiteElo "2645"]
[BlackElo "2800"]

1.d4 Nf6 2.c4 g6 3.Nf3 Bg7 4.g3 O-O 5.Bg2 d6 6.O-O Nbd7 7.Qc2 e5 8.Rd1 Qe7
9.Nc3 c6 10.e4 exd4 11.Nxd4 Re8 12.b3 Nc5 13.f3 Nfd7 14.Rb1 Ne5 15.Nce2 a5
16.a3 h5 17.h4 Bd7 18.Be3 a4 19.b4 Ne6 20.c5 d5 21.exd5 cxd5 22.Bf2 Nc4 23.Qc3 Rac8
24.Rbc1 b6 25.cxb6 Nxb6 26.Qd3 Nc4 27.Re1 Qd6 28.f4 Nb2 29.Qd2 Nc4 30.Qd3 Nb2
31.Qd2 Nc4  1/2-1/2

[Event "Linares"]
[Site "Linares"]
[Date "1991.??.??"]
[Round "7"]
[White "Kasparov, Gary"]
[Black "Kamsky, Gata"]
[Result "1-0"]
[WhiteElo "2800"]
[BlackElo "2640"]

1.d4 Nf6 2.c4 c6 3.Nc3 g6 4.e4 d5 5.e5 Ne4 6.Bd3 Nxc3 7.bxc3 Bg7 8.Ne2 O-O
9.cxd5 cxd5 10.h4 Be6 11.h5 Qc8 12.Bd2 Bf5 13.Qb1 Nc6 14.Bxf5 Qxf5 15.Qxf5 gxf5
16.h6 Bxe5 17.dxe5 Nxe5 18.Nd4 e6 19.Ke2 Nc4 20.Rae1 Kh8 21.Bg5 f6 22.Nxe6 fxg5
23.Nxf8 Rxf8 24.Kd3 Nd6 25.f3 Kg8 26.Re7 Rf7 27.Rhe1 Kf8 28.R7e6 Rd7 29.Rf6+ Kg8
30.Ree6 Nf7 31.Re8+  1-0

[Event "Linares"]
[Site "Linares"]
[Date "1991.??.??"]
[Round "11"]
[White "Kasparov, Gary"]
[Black "Anand, Viswanathan"]
[Result "1/2-1/2"]
[WhiteElo "2800"]
[BlackElo "2635"]

1.e4 e5 2.Nf3 Nf6 3.d4 Nxe4 4.Bd3 d5 5.Nxe5 Bd6 6.O-O O-O 7.c4 Bxe5 8.dxe5 Nc6
9.cxd5 Qxd5 10.Qc2 Nb4 11.Bxe4 Nxc2 12.Bxd5 Bf5 13.g4 Bxg4 14.Be4 Nxa1 15.Bf4 f5
16.Bd5+ Kh8 17.Rc1 c6 18.Bg2 Rfd8 19.Nd2 Rxd2 20.Bxd2 Rd8 21.Bc3 Rd1+ 22.Rxd1 Bxd1
23.f4 Nc2 24.Kf2 Kg8 25.a4 a5 26.Bxa5 Nd4 27.Bf1 Bb3  1/2-1/2

[Event "Linares"]
[Site "Linares"]
[Date "1991.??.??"]
[Round "12"]
[White "Ljubojevic, Ljubomir"]
[Black "Kasparov, Gary"]
[Result "0-1"]
[WhiteElo "2590"]
[BlackElo "2800"]

1.e4 c5 2.Nc3 d6 3.f4 Nc6 4.Nf3 g6 5.Bb5 Bd7 6.O-O Bg7 7.d3 a6 8.Bxc6 Bxc6
9.Qe1 Qd7 10.a4 b6 11.b3 Nf6 12.h3 Nh5 13.Bd2 f5 14.exf5 gxf5 15.Qh4 Nf6
16.Rae1 O-O-O 17.a5 b5 18.b4 cxb4 19.Na2 Nd5 20.Nxb4 Bf6 21.Qf2 Nxb4 22.Bxb4 Rhg8
23.Re2 Rg6 24.Qe1 Rdg8 25.Kh2 e5 26.fxe5 Bxe5+ 27.Kh1 Qb7 28.d4 Rxg2 29.Rxg2 Rxg2
30.Kxg2 Qg7+ 31.Kh1 Bf4 32.Qe6+ Bd7 33.Qd5 Qg3 34.Qa8+ Kc7 35.Re1 Qxh3+ 36.Kg1 Qg3+
37.Kf1 Qh3+ 38.Ke2 Bc6 39.Qa7+ Kc8 40.Rf1 Qg2+ 41.Ke1 Bg3+ 42.Kd1 Qxf1+ 43.Ne1 Bxe1  0-1

[Event "Paris Immopar rapid"]
[Site "Paris"]
[Date "1991.??.??"]
[Round "2"]
[White "Kasparov, Gary"]
[Black "Gelfand, Boris"]
[Result "1-0"]
[WhiteElo "2770"]
[BlackElo "2665"]

1.e4 c5 2.Nf3 d6 3.d4 cxd4 4.Nxd4 Nf6 5.Nc3 a6 6.Bc4 e6 7.Bb3 b5 8.O-O Be7
9.Qf3 Qc7 10.Qg3 O-O 11.Bh6 Ne8 12.Rfe1 Bd7 13.a4 b4 14.Nce2 Kh8 15.Bg5 Bxg5
16.Qxg5 Nf6 17.Ng3 Nc6 18.Nxc6 Bxc6 19.Rad1 Rad8 20.Rd3 h6 21.Qf4 Qe7 22.Qh4 Rd7
23.Nh5 Nxh5 24.Qxh5 Qd8 25.h3 Qb6 26.a5 Qb7 27.Qh4 Qb5 28.Red1 Rfd8 29.Qf4 Qxa5
30.Rxd6 Qg5 31.Rxd7 Qxf4 32.Rxd8+ Kh7 33.R8d4 a5 34.c3 a4 35.Bc2 bxc3 36.e5+  1-0

[Event "Paris Immopar rapid"]
[Site "Paris"]
[Date "1991.??.??"]
[Round "2"]
[White "Gelfand, Boris"]
[Black "Kasparov, Gary"]
[Result "0-1"]
[WhiteElo "2665"]
[BlackElo "2770"]

1.d4 Nf6 2.c4 g6 3.Nc3 Bg7 4.e4 d6 5.Be2 O-O 6.Nf3 e5 7.O-O Nc6 8.d5 Ne7
9.Nd2 a5 10.a3 Nd7 11.Rb1 f5 12.b4 Kh8 13.f3 Ng8 14.Qc2 Ngf6 15.Nb5 axb4
16.axb4 Nh5 17.g3 Ndf6 18.c5 Bd7 19.Rb3 fxe4 20.fxe4 Bh3 21.Re1 Bh6 22.Nf3 Bxc1
23.Rxc1 Ng4 24.Qd2 Qe7 25.Rbc3 h6 26.Bf1 Bxf1 27.Rxf1 g5 28.cxd6 cxd6 29.Nc7 Ngf6
30.Nxg5 hxg5 31.Nxa8 Nxe4 32.Rxf8+ Qxf8 33.Qe2 Nhf6 34.Ra3 Qc8 35.Kg2 Qc1
36.Rf3 b5 37.Nb6 Qc7 38.Qxb5 Qc2+ 39.Kg1 Qd1+ 40.Rf1 Qd4+ 41.Kh1 Nf2+ 42.Kg2 N2g4
43.Qe2 Qxb6 44.Re1 Qxb4 45.h3 Nh6 46.Rf1 Kg7 47.Kh2 Qe4 48.Qa2 Qxd5 49.Qa7+ Kg6
50.Qa1 Nf5 51.Qb1 e4 52.Qb2 Qe5 53.Qxe5 dxe5 54.Re1 Nd4 55.Kg2 Kf5 56.Rf1+ Ke6
57.Ra1 e3 58.Ra6+ Kf5 59.g4+ Kg6 60.Ra3 Nd5 61.Ra6+ Kf7 62.Ra5 Ke6 63.Ra6+ Kd7
64.Ra5 Kc6 65.Ra6+ Kc5 66.Kf1 Nf4 67.Ra5+ Kd6 68.Ra6+ Kd5 69.Ra3 Ke4 70.Ra2 Kf3
71.h4 gxh4 72.g5 e2+ 73.Rxe2 Ndxe2 74.Ke1 h3 75.Kd2 h2  0-1

[Event "Paris Immopar rapid"]
[Site "Paris"]
[Date "1991.??.??"]
[Round "4"]
[White "Kasparov, Gary"]
[Black "Timman, Jan H"]
[Result "1/2-1/2"]
[WhiteElo "2770"]
[BlackElo "2630"]

1.e4 e5 2.Nf3 Nf6 3.d4 Nxe4 4.Bd3 d5 5.Nxe5 Bd6 6.O-O O-O 7.c4 Bxe5 8.dxe5 Nc6
9.cxd5 Qxd5 10.Qc2 Nb4 11.Bxe4 Nxc2 12.Bxd5 Bf5 13.g4 Bxg4 14.Be4 Nxa1 15.Bf4 f6
16.Nc3 fxe5 17.Be3 Bf3 18.Rxa1 Bxe4 19.Nxe4 b6 20.b4 a5 21.b5 Rad8 22.Rc1 Rf7
23.a4 h6 24.Kg2 Rd3 25.Rc4 Kf8 26.Nd2 Ke8 27.Nf3 Re7 28.Re4 Rb3 29.Nxe5 g5
30.Kf3 Re6 31.Ke2 Rb4 32.Rxb4 axb4 33.Bd4 b3 34.Kd3 Rf6 35.Kc3 Rf4 36.Nc6 Rf3+
37.Be3 Rh3 38.Kxb3 Rxh2 39.Kc4 Rh4+ 40.Nd4 Kd7 41.Kd5 Rh1 42.Nf5 Ra1 43.Nxh6 Rxa4
44.Nf5 g4 45.Nd4 Ra8 46.Ke5 Rf8 47.Bf4 Rf7 48.Bg3 Rf8 49.Bh4 Rf7 50.Ne6 Rf3
51.Bg3 Rf7 52.Ng5 Re7+ 53.Kd5 Re1 54.Ne4 Rb1 55.Nc3 Rb4 56.Be5 Rb2 57.Bd4 Rb4
58.Be3 Kc8 59.Ke5 Kb7 60.Kf5 Rb3 61.Ne2 Rxb5+ 62.Kxg4 Re5 63.Nc3 c5 64.Bd2 Kc6
65.f4 Re8 66.f5 b5 67.Kf4 b4 68.Ne4 Rb8 69.Bc1 c4 70.f6 Kd5 71.Kf5 c3 72.Bh6 Rb7
73.Bf8 c2 74.Bh6  1/2-1/2

[Event "Tilburg"]
[Site "Tilburg"]
[Date "1991.??.??"]
[Round "3"]
[White "Kamsky, Gata"]
[Black "Kasparov, Gary"]
[Result "1/2-1/2"]
[WhiteElo "2595"]
[BlackElo "2770"]

1.e4 c5 2.Nf3 e6 3.d4 cxd4 4.Nxd4 Nf6 5.Nc3 d6 6.Be2 a6 7.a4 Nc6 8.Be3 Be7
9.O-O O-O 10.f4 Qc7 11.Kh1 Re8 12.Bf3 Rb8 13.Qd2 Bd7 14.Rad1 Na5 15.b3 Rec8
16.Nde2 Be8 17.Ba7 Ra8 18.Bd4 Nc6 19.Bxf6 Bxf6 20.Qxd6 Qb6 21.e5 Be7 22.Qd2 Bb4
23.Qd3 Rd8 24.Qe4 Qc5 25.Na2 Bd2 26.c3 a5 27.Nac1 Bxc1 28.Rxc1 Rac8 29.Ng3 Nb4
30.Rcd1 Qxc3 31.Qxb7 Qxb3 32.Rxd8 Rxd8 33.Qc7 Rd4 34.Ne4 Qd3 35.Rg1 Rxe4
36.Qc8 Kf8 37.Qc5+ Kg8 38.Qe7 g6 39.Qxe8+ Kg7 40.Bxe4 Qxe4 41.Rf1 Nd3 42.Qb5 Qe3
43.h3 Nf2+ 44.Kh2 Qxf4+ 45.Kg1 Nxh3+  1/2-1/2

[Event "Tilburg"]
[Site "Tilburg"]
[Date "1991.??.??"]
[Round "8"]
[White "Kasparov, Gary"]
[Black "Timman, Jan H"]
[Result "1-0"]
[WhiteElo "2770"]
[BlackElo "2630"]

1.d4 d5 2.c4 c6 3.Nc3 Nf6 4.e3 g6 5.Nf3 Bg7 6.Be2 O-O 7.O-O e6 8.b4 Nbd7
9.Bb2 dxc4 10.Bxc4 b6 11.a4 Bb7 12.Ba3 Rc8 13.Rb1 Re8 14.Qe2 Nd5 15.Nxd5 cxd5
16.Bb5 Re7 17.a5 Rc7 18.Rfc1 Nb8 19.a6 Bc8 20.Bd3 Rxc1+ 21.Rxc1 Rc7 22.b5 Rxc1+
23.Bxc1 Qc7 24.Bd2 f5 25.Qe1 Nd7 26.Bb4 Bf8 27.h4 Nf6 28.Ne5 Nd7 29.Nf3 Nf6
30.Ne5 Nd7 31.Nc6 Bxa6 32.Qc1  1-0

[Event "Tilburg"]
[Site "Tilburg"]
[Date "1991.??.??"]
[Round "9"]
[White "Kortschnoj, Viktor"]
[Black "Kasparov, Gary"]
[Result "1/2-1/2"]
[WhiteElo "2610"]
[BlackElo "2770"]

1.Nf3 Nf6 2.c4 g6 3.Nc3 Bg7 4.e4 d6 5.d4 O-O 6.Be2 e5 7.dxe5 dxe5 8.Qxd8 Rxd8
9.Bg5 c6 10.Nxe5 Re8 11.O-O-O Na6 12.Rd6 Be6 13.f4 h6 14.Bxf6 Bxf6 15.Rhd1 Bxe5
16.fxe5 Rac8 17.Kd2 Re7 18.Ke3 Rce8 19.Rd8 Kf8 20.h4 Nc5 21.Rxe8+ Rxe8 22.b4 Nd7
23.Kf4 Ke7 24.Nd5+ cxd5 25.cxd5 Rc8 26.dxe6 fxe6 27.Rd2 Rf8+  1/2-1/2

[Event "Tilburg"]
[Site "Tilburg"]
[Date "1991.??.??"]
[Round "10"]
[White "Kasparov, Gary"]
[Black "Kamsky, Gata"]
[Result "1/2-1/2"]
[WhiteElo "2770"]
[BlackElo "2595"]

1.e4 e5 2.Nf3 Nc6 3.d4 exd4 4.Nxd4 Bc5 5.Be3 Qf6 6.c3 Nge7 7.Bc4 O-O 8.O-O Bb6
9.Kh1 Rd8 10.Qh5 h6 11.Nd2 d5 12.exd5 Nxd4 13.cxd4 Bf5 14.Qf3 Qg6 15.Bf4 Qg4
16.Qxg4 Bxg4 17.f3 Bf5 18.g4 Bh7 19.d6 cxd6 20.Rae1 Kf8 21.d5 Ba5 22.Rd1 Rac8
23.b3 a6 24.a4 Bb4 25.Ne4 Bxe4 26.fxe4 Ng6 27.Bg3 Re8 28.Rf2 Rcd8 29.Bd3 Bc3
30.Rc2 Be5 31.Bf2 Bf4 32.Rc7 Re7 33.Rc2 Ne5 34.Be2 Nd7 35.Bf3 Nf6 36.Rd4 Rde8
37.Kg2 g5 38.Rb4 Kg7 39.Bd4 Kg6 40.Bxf6 Kxf6  1/2-1/2

[Event "Tilburg"]
[Site "Tilburg"]
[Date "1991.??.??"]
[Round "13"]
[White "Short, Nigel D"]
[Black "Kasparov, Gary"]
[Result "1/2-1/2"]
[WhiteElo "2660"]
[BlackElo "2770"]

1.e4 c5 2.Nc3 e6 3.Nf3 a6 4.g3 b5 5.Bg2 Bb7 6.d3 d6 7.O-O Nd7 8.a3 Rc8 9.Bd2 Ngf6
10.Nh4 Be7 11.e5 Nd5 12.exd6 Bxh4 13.Nxd5 Bxd5 14.Bxd5 Bf6 15.Qe1 Qb6 16.Rb1 O-O
17.Bg2 Qxd6 18.Qe2 Rfd8 19.Rfe1 Nb6 20.Bf4 Qe7 21.h4 a5 22.c3 h6 23.Rbc1 b4
24.axb4 axb4 25.Be4 bxc3  1/2-1/2

[Event "Tilburg"]
[Site "Tilburg"]
[Date "1991.??.??"]
[Round "14"]
[White "Kasparov, Gary"]
[Black "Karpov, Anatoly"]
[Result "1-0"]
[WhiteElo "2770"]
[BlackElo "2730"]

1.e4 e5 2.Nf3 Nc6 3.d4 exd4 4.Nxd4 Nf6 5.Nxc6 bxc6 6.e5 Qe7 7.Qe2 Nd5 8.c4 Ba6
9.b3 g6 10.f4 f6 11.Ba3 Qf7 12.Qd2 Nb6 13.c5 Bxf1 14.cxb6 axb6 15.e6 dxe6
16.Bxf8 Rd8 17.Qb2 Bxg2 18.Qxg2 Kxf8 19.Qxc6 Rd6 20.Qc3 Kg7 21.Nd2 Rhd8 22.O-O-O Qe8
23.Qxc7+ R8d7 24.Qc2 Qb8 25.Nc4 Rd5 26.Qf2 Qc7 27.Qxb6 Qxf4+ 28.Qe3 Qg4 29.Rdg1 Qh4
30.Rg3 e5 31.Rh3 Qg4 32.Rg1 Rd1+ 33.Rxd1 Qxd1+ 34.Kb2 h5 35.Rg3 Qh1 36.Qf2 h4
37.Qg2 Qxg2+ 38.Rxg2 g5 39.a4 Kg6 40.a5 e4 41.b4 h3 42.Rg3 Rh7 43.a6 f5 44.Ra3  1-0

[Event "GER-Kasparov"]
[Site "Baden-Baden"]
[Date "1992.??.??"]
[Round "?"]
[White "Lobron, Eric"]
[Black "Kasparov, Gary"]
[Result "0-1"]
[WhiteElo "2575"]
[BlackElo "2780"]

1.d4 Nf6 2.c4 g6 3.Nc3 Bg7 4.e4 d6 5.Nf3 O-O 6.Be2 e5 7.O-O Na6 8.Be3 c6
9.dxe5 dxe5 10.h3 Qe7 11.Qc2 Nh5 12.Rfe1 Nc7 13.Rad1 Ne6 14.c5 Nhf4 15.b4 Nxe2+
16.Nxe2 Nc7 17.Nc3 a5 18.a3 axb4 19.axb4 f6 20.b5 Nxb5 21.Nxb5 cxb5 22.Qb3+ Be6
23.Qxb5 Rfd8 24.Rxd8+ Rxd8 25.Rb1 Rd7 26.Qa5 Bf8 27.Qa4 Rc7 28.Rb6 Kf7 29.Nd2 Rc6
30.Rxc6 Qd7 31.Ra6 bxa6 32.c6 Qd3 33.Qa5 Be7 34.Qc7 Qc3 35.g4 h6 36.Bxh6 Qxh3
37.g5 fxg5 38.Qxe5 Qxh6 39.Nf3 Qh3 40.Nd4 Bf6 41.Qc7+ Be7 42.Qe5 Bc4 43.c7 Qg4+
44.Kh1 Qh3+ 45.Kg1 Qg4+ 46.Kh2  0-1

[Event "Buenos Aires sim"]
[Site "Buenos Aires"]
[Date "1992.??.??"]
[Round "1"]
[White "Panno, Oscar"]
[Black "Kasparov, Gary"]
[Result "0-1"]
[WhiteElo "2485"]
[BlackElo "2790"]

1.d4 Nf6 2.Nf3 e6 3.c4 c5 4.e3 d5 5.Nc3 Nc6 6.a3 cxd4 7.exd4 Be7 8.cxd5 exd5
9.h3 Ne4 10.Bd3 Bf5 11.O-O O-O 12.Na4 Bf6 13.Be3 Re8 14.Rc1 Qd6 15.Nc5 b6
16.Na6 Rac8 17.Bb5 Red8 18.Qa4 Ne7 19.Nb4 a5 20.Nd3 Ng6 21.Ba6 Bd7 22.Qb3 Rb8
23.a4 h6 24.Rc2 Ng5 25.Nxg5 hxg5 26.Bb5 Nh4 27.Bxd7 Qxd7 28.Rd2 Qf5 29.f3 Re8
30.Ne5 Bxe5 31.dxe5 Rxe5 32.Bf2 Ng6 33.Rfd1 Nf4 34.Bg3 Rbe8 35.Bxf4 Qxf4
36.Qxb6 Re1+ 37.Kf2 Qh4+ 38.g3 Qxh3  0-1